00628nam a2200181Ia 4500952014600000999001700146003000400163005001700167008004100184040000900225082002200234100003000256245005200286260003600338300000900374650001300383942005000396 00102ddc40708SSaMESbMEScMALd2019-02-20g45.00l6m3o894.812301 CHE/Pp24527r2025-02-03 10:38:28s2025-01-27w2019-02-20yBKzGR30R1 c27915d27915OSt20210108153339.0190216s9999||||xx |||||||||||||| ||und|| coclc a894.812301bCHE/P aCheriyan, Cheriyan 98271 0aPremikkukayenna Avakasham /cCheriyan Cheriyan  bPk Brothers,aKozhikode:c1999. a117p aKathakal cBK2ddch894.812301iCHE/Pk894.812301mCHE/P